[Event "World Senior Teams +65"]
[Site "Radebeul GER"]
[Date "2016.07.01"]
[Round "6.12"]
[Board "3"]
[White "Hammar, Bengt"]
[Black "Henrichsen, Erland"]
[Result "1-0"]
[WhiteTitle "FM"]
[WhiteElo "2164"]
[BlackElo "1943"]
[WhiteTeam "Sweden 1"]
[BlackTeam "Norway Veteran"]
[WhiteFideId "1700391"]
[BlackFideId "1512722"]
[EventDate "2016.06.26"]

1. e4 c5 2. Nf3 d6 3. d4 cxd4 4. Nxd4 Nf6 5. Nc3 g6 6. Be3 Bg7 7. f3 Nc6 8. Qd2
O-O 9. Bc4 Nd7 10. h4 Nde5 11. Bb3 h5 12. O-O-O Nxd4 13. Bxd4 Bd7 14. f4 Nc6 15.
Bxg7 Kxg7 16. f5 Ne5 17. Rhf1 Ng4 18. Nd5 Bc6 19. Nf4 Qb6 20. fxg6 Qe3 21. Bxf7
Rfc8 22. Nxh5+ Kh6 23. Ng3 Bd7 24. Rfe1 Qxd2+ 25. Rxd2 Ne5 26. Nf5+ Bxf5 27.
exf5 Rc7 28. Be6 Kg7 29. Rd4 Rh8 30. Rh1 Kf6 31. g4 Nxg6 32. g5+ Ke5 33. Rd5+ 1-0

[Event "World Senior Teams +65"]
[Site "Radebeul GER"]
[Date "2016.07.01"]
[Round "6.12"]
[Board "4"]
[White "Jenkins, Tom Ivar"]
[Black "Nyberg, Ulf"]
[Result "0-1"]
[WhiteElo "1873"]
[BlackElo "2161"]
[WhiteTeam "Norway Veteran"]
[BlackTeam "Sweden 1"]
[WhiteFideId "1509756"]
[BlackFideId "1705083"]
[EventDate "2016.06.26"]

1. d4 Nf6 2. c4 c5 3. e3 g6 4. Nc3 Bg7 5. Nf3 O-O 6. Be2 cxd4 7. exd4 d5 8. cxd5
Nxd5 9. O-O Nc6 10. h3 b6 11. Qb3 Be6 12. Ng5 Nxd4 13. Nxe6 Nxb3 14. Nxd8 Nxc3
15. Bf3 Nxa1 16. Bxa8 Ne2+ 17. Kh1 Rxd8 18. Bf3 Nxc1 19. Rxc1 Bxb2 0-1

[Event "World Senior Teams +65"]
[Site "Radebeul GER"]
[Date "2016.07.01"]
[Round "6.13"]
[Board "1"]
[White "Gneiss, Karl"]
[Black "Hutchinson, Norman A"]
[Result "0-1"]
[WhiteElo "2183"]
[BlackElo "2061"]
[WhiteTeam "Niederoesterreich"]
[BlackTeam "England 2"]
[WhiteFideId "1605844"]
[BlackFideId "411540"]
[EventDate "2016.06.26"]

1. c4 Nf6 2. Nc3 e6 3. e4 c5 4. Nf3 Nc6 5. Be2 d5 6. exd5 exd5 7. cxd5 Nxd5 8.
O-O Nc7 9. d3 Ne6 10. Be3 Be7 11. Qb3 O-O 12. Rfd1 Bf6 13. Ne4 Bd4 14. Qc4 b6
15. Rab1 a5 16. a3 Ba6 17. Qa2 h6 18. Nc3 Qd6 19. Qd5 Rad8 20. Qf5 Rfe8 21. Qg4
Kh8 22. Nh4 Bxe3 23. fxe3 Qe5 24. Ne4 Ng5 25. Nf3 Nxf3+ 26. Qxf3 c4 27. Nf2 cxd3
28. Nxd3 Qxe3+ 29. Kf1 Qxf3+ 30. gxf3 Nd4 31. Nf4 Nxe2 32. Rxd8 Nxf4+ 0-1

[Event "World Senior Teams +65"]
[Site "Radebeul GER"]
[Date "2016.07.01"]
[Round "6.13"]
[Board "2"]
[White "Thynne, Trefor F"]
[Black "Weinwurm, Wolfgang"]
[Result "1/2-1/2"]
[WhiteElo "1988"]
[BlackElo "2172"]
[WhiteTeam "England 2"]
[BlackTeam "Niederoesterreich"]
[WhiteFideId "419893"]
[BlackFideId "1619454"]
[EventDate "2016.06.26"]

1. d4 Nf6 2. c4 g6 3. Nc3 d5 4. cxd5 Nxd5 5. Nf3 Bg7 6. e3 O-O 7. Bc4 Nxc3 8.
bxc3 c5 9. O-O Qc7 10. Qe2 b6 11. Ba3 Bb7 12. Rac1 Nd7 13. e4 e6 14. e5 Bh6 15.
Rc2 a6 16. Bc1 Bxc1 17. Rcxc1 Qc6 18. Rfe1 b5 19. Bd3 Rac8 20. Qe3 Kg7 21. h4
Nb6 22. Qg5 Qd7 23. h5 Qd8 24. h6+ Kg8 25. Qg4 Bd5 26. Ng5 Qe7 27. Ne4 Bxe4 28.
Qxe4 Rc7 29. c4 b4 30. d5 Rcc8 31. d6 Qd7 32. Qe3 a5 33. Re2 a4 34. Be4 f5 35.
Bf3 Qd8 36. Bb7 Rb8 37. Bf3 Rc8 38. Bb7 Rb8 39. Bf3 1/2-1/2

[Event "World Senior Teams +65"]
[Site "Radebeul GER"]
[Date "2016.07.01"]
[Round "6.13"]
[Board "3"]
[White "Winiwarter, Felix"]
[Black "Cooper, John G"]
[Result "1-0"]
[WhiteElo "2101"]
[BlackElo "1941"]
[WhiteTeam "Niederoesterreich"]
[BlackTeam "England 2"]
[WhiteFideId "1601890"]
[BlackFideId "416096"]
[EventDate "2016.06.26"]

1. e4 d5 2. exd5 Qxd5 3. Nc3 Qd6 4. d4 Nf6 5. Nf3 c6 6. h3 g6 7. Be3 Nbd7 8. Qd2
Nb6 9. O-O-O Nbd5 10. Nxd5 Nxd5 11. Bg5 h6 12. Bh4 Be6 13. Bg3 Qb4 14. Qxb4 Nxb4
15. a3 Nd5 16. c4 Nf6 17. Be5 Bg7 18. d5 cxd5 19. cxd5 Rc8+ 20. Kb1 Bf5+ 21. Bd3
Bxd3+ 22. Rxd3 O-O 23. Re1 Rfd8 24. d6 exd6 25. Rxd6 Rxd6 26. Bxd6 Nd5 27. g3
Rd8 28. Be5 Re8 29. Kc2 Bxe5 30. Rxe5 Rxe5 31. Nxe5 Kg7 32. Kd3 Nb6 33. Kd4 Kf6
34. Ng4+ Kg7 35. b3 h5 36. Ne5 Kf6 37. a4 Ke6 38. a5 Nd5 39. Nxf7 Ne7 40. Nd8+
Kd7 41. Nxb7 Kc6 42. a6 Kb6 43. Nc5 Nc6+ 44. Kd5 Ne7+ 45. Kc4 1-0

[Event "World Senior Teams +65"]
[Site "Radebeul GER"]
[Date "2016.07.01"]
[Round "6.13"]
[Board "4"]
[White "Mashayekh, Majid"]
[Black "Woeber, Friedrich"]
[Result "1-0"]
[WhiteElo "1922"]
[BlackElo "2116"]
[WhiteTeam "England 2"]
[BlackTeam "Niederoesterreich"]
[WhiteFideId "406015"]
[BlackFideId "1604694"]
[EventDate "2016.06.26"]

1. d4 Nf6 2. Nf3 c5 3. d5 b5 4. a4 Bb7 5. axb5 Bxd5 6. Nc3 Bb7 7. g3 d5 8. Bg2
Nbd7 9. O-O Qb6 10. Bf4 d4 11. Na4 Qxb5 12. Qd3 Qxd3 13. cxd3 e6 14. Rfc1 Be7
15. Ne5 Bxg2 16. Kxg2 Rc8 17. b4 Nd5 18. Nxd7 Nxf4+ 19. gxf4 Kxd7 20. Nxc5+ Bxc5
21. bxc5 Rc7 22. Rc4 Ra8 23. Ra6 Rc6 24. Rxd4+ Kc7 25. Ra5 f6 26. Rda4 a6 27. d4
f5 28. Kf3 Kb7 29. Ra1 Rd8 30. e3 Ka7 31. Rg1 Rc7 32. Rb1 Rc6 33. Ke2 Rd7 34. f3
Rf7 35. Rg1 Rb7 36. Rd1 Rcc7 37. e4 g6 38. Rd2 Rb3 39. Rda2 Rc6 40. d5 exd5 41.
exd5 1-0

[Event "World Senior Teams +65"]
[Site "Radebeul GER"]
[Date "2016.07.01"]
[Round "6.14"]
[Board "1"]
[White "Haase, Wolfgang"]
[Black "Hajenius, Willem"]
[Result "0-1"]
[WhiteElo "2144"]
[BlackElo "2008"]
[WhiteTeam "Hessen 2"]
[BlackTeam "Belgium 2"]
[WhiteFideId "4627440"]
[BlackFideId "201138"]
[EventDate "2016.06.26"]

1. e4 c5 2. a3 e6 3. Nf3 Nc6 4. b4 cxb4 5. axb4 Bxb4 6. c3 Be7 7. d4 Nf6 8. Bd3
d6 9. O-O O-O 10. Qe2 b6 11. Rd1 Qc7 12. Na3 a6 13. c4 e5 14. h3 Bd7 15. Nc2
Rfd8 16. Ba3 Be8 17. Ne3 g6 18. Rac1 exd4 19. Nd5 Qa7 20. Qb2 Ne5 21. Nxe5 Nxd5
22. Nc6 Bxc6 23. exd5 Ba4 24. Bc2 Bxc2 25. Qxc2 Rac8 26. Qd3 Bf6 27. Bb2 b5 28.
cxb5 Rxc1 29. Bxc1 axb5 30. Qxb5 Qc5 31. Qb3 Rc8 32. Bb2 Qc4 33. Qf3 Be5 34. Rc1
Qxc1+ 0-1

[Event "World Senior Teams +65"]
[Site "Radebeul GER"]
[Date "2016.07.01"]
[Round "6.14"]
[Board "2"]
[White "Van De Wynkele, Herman"]
[Black "Benninger, Rudolf"]
[Result "1/2-1/2"]
[WhiteElo "1985"]
[BlackElo "2099"]
[WhiteTeam "Belgium 2"]
[BlackTeam "Hessen 2"]
[WhiteFideId "207144"]
[BlackFideId "4699564"]
[EventDate "2016.06.26"]

1. e4 c5 2. Nf3 g6 3. c4 Bg7 4. d4 Qb6 5. dxc5 Qxc5 6. Nc3 Bxc3+ 7. bxc3 d6 8.
Bd3 Nf6 9. Be3 Qa5 10. O-O O-O 11. Qc2 Nbd7 12. Rab1 Ng4 13. Bf4 Nge5 14. Nxe5
dxe5 15. Be3 Qc7 16. Rfd1 b6 17. Bf1 Nc5 18. f3 f5 19. Bh6 Rf7 20. Qd2 Be6 21.
exf5 Bxf5 22. Rbc1 e4 23. fxe4 Bxe4 24. Qe3 Rd8 25. Rd4 Bc6 26. Rcd1 Rd7 27.
Rxd7 Bxd7 28. Be2 e6 29. Rd4 Qd8 30. Rf4 Qe7 31. Rxf7 Kxf7 32. Bg5 Qf8 33. Bf4
Kg8 34. Bg4 1/2-1/2

[Event "World Senior Teams +65"]
[Site "Radebeul GER"]
[Date "2016.07.01"]
[Round "6.14"]
[Board "3"]
[White "Niebling, Ferdinand"]
[Black "Schrickx, Frank"]
[Result "1-0"]
[WhiteElo "2132"]
[BlackElo "1920"]
[WhiteTeam "Hessen 2"]
[BlackTeam "Belgium 2"]
[WhiteFideId "4638425"]
[BlackFideId "208957"]
[EventDate "2016.06.26"]

1. d4 d5 2. Nf3 Nf6 3. c4 e6 4. e3 Nbd7 5. Nbd2 c6 6. Bd3 Bd6 7. O-O O-O 8. e4
dxe4 9. Nxe4 Nxe4 10. Bxe4 Nf6 11. Bc2 h6 12. b3 c5 13. Bb2 cxd4 14. Bxd4 Be7
15. Qe2 Qc7 16. Rad1 Rd8 17. Rfe1 a5 18. h3 Ra6 19. Be5 Qb6 20. Rxd8+ Qxd8 21.
Rd1 Qe8 22. Qd3 g6 23. Qe3 Kh7 24. g4 Ng8 25. h4 Bf6 26. h5 Kg7 27. g5 hxg5 28.
hxg6 fxg6 29. Qxg5 Bxe5 30. Nxe5 Ne7 31. Rd4 Ra8 32. Rh4 Nf5 33. Rg4 1-0

[Event "World Senior Teams +65"]
[Site "Radebeul GER"]
[Date "2016.07.01"]
[Round "6.14"]
[Board "4"]
[White "De Reymaeker, Walter"]
[Black "Falk, Thomas"]
[Result "1-0"]
[WhiteElo "1889"]
[BlackElo "2094"]
[WhiteTeam "Belgium 2"]
[BlackTeam "Hessen 2"]
[WhiteFideId "208000"]
[BlackFideId "4634624"]
[EventDate "2016.06.26"]

1. c4 c5 2. g3 Nf6 3. Bg2 Nc6 4. Nc3 g6 5. a3 Bg7 6. Rb1 O-O 7. b4 cxb4 8. axb4
e6 9. b5 Ne7 10. c5 d5 11. d4 b6 12. cxb6 axb6 13. Nf3 Nf5 14. O-O Nd6 15. Ne5
Bb7 16. Qb3 Nd7 17. Nc6 Qc7 18. Bxd5 Bxd4 19. Nxd4 exd5 20. Bh6 Nc5 21. Nxd5 Qc8
22. Nf6+ Kh8 23. Qb2 Qh3 24. Nc6 Nc4 25. Qc3 Qxh6 26. Qxc4 Ra4 27. Qc3 Qg7 28.
Rbc1 Rfa8 29. Nd5 Qxc3 30. Rxc3 Ra1 31. Rcc1 Rxc1 32. Rxc1 Ra2 33. Nxb6 Rxe2 34.
Nc4 Re8 35. Nd6 Re6 36. Nxf7+ Kg7 37. Nfd8 Rf6 38. f4 Rd6 39. Rxc5 Bxc6 1-0

[Event "World Senior Teams +65"]
[Site "Radebeul GER"]
[Date "2016.07.01"]
[Round "6.15"]
[Board "1"]
[White "Eskandary, Jahya"]
[Black "Pamperin, Gerhard"]
[Result "1/2-1/2"]
[WhiteElo "2065"]
[BlackElo "1936"]
[WhiteTeam "Dresdner Springer"]
[BlackTeam "Rochade MV"]
[WhiteFideId "4665708"]
[BlackFideId "24651354"]
[EventDate "2016.06.26"]

1. e4 e6 2. Ne2 d5 3. exd5 exd5 4. Ng3 Nf6 5. d4 Bd6 6. Bd3 O-O 7. Nf5 Re8+ 8.
Be3 Bxf5 9. Bxf5 Bf4 10. Qf3 Bxe3 1/2-1/2

[Event "World Senior Teams +65"]
[Site "Radebeul GER"]
[Date "2016.07.01"]
[Round "6.15"]
[Board "2"]
[White "Jung, Werner"]
[Black "Schwier, Manfred"]
[Result "1/2-1/2"]
[WhiteElo "1973"]
[BlackElo "2031"]
[WhiteTeam "Rochade MV"]
[BlackTeam "Dresdner Springer"]
[WhiteFideId "24669458"]
[BlackFideId "4671988"]
[EventDate "2016.06.26"]

1. e4 e5 2. Nc3 Nc6 3. Bc4 Nf6 4. d3 Be7 5. f4 exf4 6. Bxf4 d6 7. Nf3 O-O 8. O-O
Na5 9. Bb3 Nxb3 10. axb3 c6 1/2-1/2

[Event "World Senior Teams +65"]
[Site "Radebeul GER"]
[Date "2016.07.01"]
[Round "6.15"]
[Board "4"]
[White "Kundt, Guenther"]
[Black "Zoephel, Heinz"]
[Result "1/2-1/2"]
[WhiteElo "1717"]
[BlackElo "1990"]
[WhiteTeam "Rochade MV"]
[BlackTeam "Dresdner Springer"]
[WhiteFideId "12975346"]
[BlackFideId "24647241"]
[EventDate "2016.06.26"]

1. d4 Nf6 2. c4 e5 3. dxe5 Ng4 4. Bf4 Nc6 5. Nf3 Bb4+ 6. Nbd2 Qe7 7. a3 Ncxe5 8.
Nxe5 Nxe5 9. Bxe5 Bxd2+ 10. Qxd2 Qxe5 11. e3 O-O 12. Be2 a5 13. O-O Ra6 14. Qd4
Qg5 1/2-1/2

[Event "World Senior Teams +65"]
[Site "Radebeul GER"]
[Date "2016.07.01"]
[Round "6.16"]
[Board "1"]
[White "Svensson, Leif 1940"]
[Black "Kolbak, Jens"]
[Result "1/2-1/2"]
[WhiteElo "2072"]
[BlackElo "2178"]
[WhiteTeam "Sweden 2"]
[BlackTeam "Denmark"]
[WhiteFideId "1702459"]
[BlackFideId "1400339"]
[EventDate "2016.06.26"]

1. d4 Nf6 2. Nc3 d5 3. Bg5 Bf5 4. e3 e6 5. Bd3 Bg6 6. Nf3 Be7 7. h4 Bxd3 8. Qxd3
Nbd7 9. O-O-O c6 10. e4 dxe4 11. Nxe4 Qa5 12. Kb1 O-O-O 13. Ned2 Qc7 14. Nc4 h6
15. Bc1 Ng4 16. Qe2 b5 17. Ne3 Nxe3 18. Bxe3 Nb6 19. Ne5 Bd6 20. Bc1 f6 21. Nd3
Rhe8 22. Rhe1 Nd5 23. g3 Qf7 24. Qf3 Kb7 25. Re2 Re7 26. Rde1 Rde8 27. Bd2 g5
28. hxg5 hxg5 29. b3 b4 30. Kb2 Qg6 31. Rc1 e5 32. dxe5 Bxe5+ 33. Nxe5 Rxe5 34.
Rxe5 Rxe5 35. c4 bxc3+ 36. Bxc3 Qe4 37. Qxe4 Rxe4 38. Rc2 1/2-1/2

[Event "World Senior Teams +65"]
[Site "Radebeul GER"]
[Date "2016.07.01"]
[Round "6.16"]
[Board "2"]
[White "Olesen, Poul Erik Norgaard"]
[Black "Andersson, Sven-Olof"]
[Result "1-0"]
[WhiteElo "2020"]
[BlackElo "1983"]
[WhiteTeam "Denmark"]
[BlackTeam "Sweden 2"]
[WhiteFideId "1404253"]
[BlackFideId "1706926"]
[EventDate "2016.06.26"]

1. e4 c5 2. Nf3 e6 3. d4 cxd4 4. Nxd4 a6 5. Bd3 Qc7 6. Nc3 Nf6 7. Qe2 Nc6 8. Be3
b5 9. O-O Bb7 10. Rad1 Nxd4 11. Bxd4 Bc5 12. Bxc5 Qxc5 13. e5 Qc6 14. f4 Qb6+
15. Kh1 Nd5 16. Ne4 Bc6 17. Nd6+ Ke7 18. Rf3 f5 19. c4 bxc4 20. Bxc4 g6 21. Qe1
Kf8 22. Qh4 Qd8 23. Qh6+ Kg8 24. Rg3 Qf8 25. Qg5 Qd8 26. Qh6 Qf8 27. Qh4 Qd8 28.
Qxd8+ Rxd8 29. Nxf5 Kf8 30. Nd4 Bb7 31. Rgd3 Ke7 32. Bxd5 Bxd5 33. b3 Rhf8 34.
Ne2 d6 35. exd6+ Rxd6 36. Rd4 Rc8 37. Kg1 Rc2 38. R4d2 Rc8 39. Rd3 Rc2 40. R1d2
Rxd2 41. Rxd2 Rc6 42. Kf2 a5 43. g3 a4 44. bxa4 Rc4 45. Ke3 Rxa4 46. Nc3 Ra5 47.
a4 Kd6 48. Nxd5 exd5 49. Ra2 Kc5 50. Kd3 Kb4 51. Kd4 Kb3 52. Re2 Rxa4+ 53. Kxd5
Ra5+ 54. Ke6 Kc4 55. Kf6 Kd4 56. Re7 Rf5+ 57. Kg7 g5 58. fxg5 Rxg5+ 59. Kh6 Rb5
60. Rxh7 Ke4 61. Rf7 Rb2 62. Rf4+ Ke5 63. h4 Rb3 64. Rg4 Rb6+ 65. Rg6 Rb8 66. h5
Kf5 67. g4+ Kf4 68. Kh7 Rb7+ 69. Rg7 Rb2 70. g5 Kf5 71. h6 Rh2 72. Rg8 Rh5 73.
Rb8 Ke6 1-0

[Event "World Senior Teams +65"]
[Site "Radebeul GER"]
[Date "2016.07.01"]
[Round "6.16"]
[Board "3"]
[White "Degerfeldt, Sven"]
[Black "Jorgensen, Arne Bjorn"]
[Result "1/2-1/2"]
[WhiteElo "1962"]
[BlackElo "1955"]
[WhiteTeam "Sweden 2"]
[BlackTeam "Denmark"]
[WhiteFideId "1717430"]
[BlackFideId "1406680"]
[EventDate "2016.06.26"]

1. d4 Nf6 2. Nf3 g6 3. g3 Bg7 4. Bg2 O-O 5. O-O d5 6. c3 c6 7. a4 Nbd7 8. Nbd2
Qc7 9. a5 e5 10. dxe5 Nxe5 11. Nxe5 Qxe5 12. Nf3 Qe7 13. Bg5 Re8 14. e3 h6 15.
Bxf6 Qxf6 16. Ra4 h5 17. Qd2 Bg4 18. Ne1 Rad8 19. h3 Bf5 20. Rb4 Qe7 21. Nc2 Bc8
22. Ra4 Bd7 23. Raa1 Bf5 24. a6 b6 25. Nb4 Qc7 26. Nd3 Be4 27. Nf4 Bxg2 28. Kxg2
b5 29. Qd3 Rb8 30. Ne2 Qc8 31. Ra2 Rb6 32. Rfa1 Qb8 33. b4 Qe5 34. Nd4 Qe4+ 35.
Qxe4 Rxe4 36. Re1 Re8 37. f3 f5 38. Kf2 Kf7 39. Rc1 Bh6 40. Re1 Bg7 41. Rc1 Bh6 1/2-1/2

[Event "World Senior Teams +65"]
[Site "Radebeul GER"]
[Date "2016.07.01"]
[Round "6.16"]
[Board "4"]
[White "Mortensen, Steen Juul"]
[Black "Svensson, Soren"]
[Result "1/2-1/2"]
[WhiteElo "2002"]
[BlackElo "1952"]
[WhiteTeam "Denmark"]
[BlackTeam "Sweden 2"]
[WhiteFideId "1408143"]
[BlackFideId "1714937"]
[EventDate "2016.06.26"]

1. d4 Nf6 2. c4 e6 3. Nf3 d5 4. g3 dxc4 5. Bg2 c5 6. Qa4+ Nc6 7. dxc5 Bxc5 8.
Qxc4 Qb6 9. O-O O-O 10. Nc3 Qb4 11. Qxb4 Bxb4 12. Bd2 e5 13. a3 Be7 14. b4 Rd8
15. Rfd1 Be6 16. Be1 a6 17. Rxd8+ Rxd8 18. e3 Nd7 19. Rd1 Nb6 20. Rxd8+ Bxd8 21.
Nd2 Be7 22. Ndb1 f5 23. Bd2 Nc4 24. Bc1 e4 25. f3 N6e5 26. fxe4 Nd3 27. exf5
Bxf5 28. Bd5+ Kf8 29. Bxc4 Nxc1 30. Nd5 Bd8 31. Nd2 Bc2 32. Kf1 Nd3 33. Ke2 Ne5
34. Ba2 Ng4 35. h3 Ne5 36. Nf3 Nxf3 37. Kxf3 a5 38. e4 Bd1+ 39. Ke3 Bg5+ 40. Nf4
axb4 41. axb4 Be7 42. Nd5 Bg5+ 43. Kd3 Ke8 44. Bc4 Bf3 45. Nc7+ Kd7 46. Ne6 Bf6 1/2-1/2

[Event "World Senior Teams +65"]
[Site "Radebeul GER"]
[Date "2016.07.01"]
[Round "6.17"]
[Board "1"]
[White "Schroeter, Helmut"]
[Black "Palmo, Pentti"]
[Result "1-0"]
[WhiteElo "2073"]
[BlackElo "1995"]
[WhiteTeam "TuR Dresden"]
[BlackTeam "Turku"]
[WhiteFideId "24631779"]
[BlackFideId "501905"]
[EventDate "2016.06.26"]

1. e4 d6 2. Nc3 c5 3. Nf3 Nc6 4. Bb5 Bd7 5. O-O g6 6. d4 cxd4 7. Nxd4 Bg7 8. Be3
Nf6 9. h3 O-O 10. Qd2 Nxd4 11. Bxd4 Bxb5 12. Nxb5 Nxe4 13. Qe3 Bxd4 14. Qxd4 Nf6
15. Rfe1 d5 16. Nxa7 e6 17. Nb5 Nd7 18. a4 Qf6 19. b3 Qxd4 20. Nxd4 Rfc8 21.
Rac1 Nc5 22. f3 Rc7 23. Nb5 Rc6 24. Nd4 Rc7 25. c4 Nd3 26. Nb5 Rd7 27. c5 Nxc1
28. Rxc1 Rc8 29. Kf2 e5 30. Nd6 Kf8 31. Nxc8 1-0

[Event "World Senior Teams +65"]
[Site "Radebeul GER"]
[Date "2016.07.01"]
[Round "6.17"]
[Board "2"]
[White "Alkkiomaki, Jyrki"]
[Black "Appelt, Gerd"]
[Result "1/2-1/2"]
[WhiteElo "1973"]
[BlackElo "2011"]
[WhiteTeam "Turku"]
[BlackTeam "TuR Dresden"]
[WhiteFideId "506893"]
[BlackFideId "4691342"]
[EventDate "2016.06.26"]

1. e4 e5 2. Nf3 Nc6 3. Bb5 a6 4. Ba4 Nf6 5. O-O Nxe4 6. d4 exd4 7. Bxc6 bxc6 8.
Qxd4 Nc5 9. Nc3 Ne6 10. Re1 Be7 11. Qc4 O-O 12. Be3 Bb7 13. Rad1 Qe8 14. Qg4 f5
15. Qa4 Bd6 16. Qb3 Qf7 17. Ng5 Nxg5 18. Bxg5 Rab8 19. Be7 Qxb3 20. axb3 Rfe8
21. Bxd6 cxd6 22. Re3 Rxe3 23. fxe3 d5 24. Na4 Bc8 25. Nc5 d6 26. Nd3 Be6 27.
Ra1 Rb6 28. b4 g5 29. g3 Kg7 30. c3 Kg6 31. Kf2 Bc8 32. h4 h6 33. hxg5 hxg5 34.
Rh1 Be6 35. Rh8 c5 36. Ra8 d4 37. exd4 cxd4 38. cxd4 Bc4 39. Ke3 Bxd3 1/2-1/2

[Event "World Senior Teams +65"]
[Site "Radebeul GER"]
[Date "2016.07.01"]
[Round "6.17"]
[Board "3"]
[White "Seibt, Manfred"]
[Black "Rantanen, Veikko"]
[Result "1/2-1/2"]
[WhiteElo "1987"]
[BlackElo "1966"]
[WhiteTeam "TuR Dresden"]
[BlackTeam "Turku"]
[WhiteFideId "24639869"]
[BlackFideId "506770"]
[EventDate "2016.06.26"]

1. d4 Nf6 2. c4 g6 3. Nc3 d5 4. cxd5 Nxd5 5. e4 Nxc3 6. bxc3 c5 7. Bb5+ Bd7 8.
Bxd7+ Nxd7 9. Ne2 Bg7 10. O-O O-O 11. Be3 cxd4 12. cxd4 Nf6 13. f3 Qd7 14. Qd2
Rfd8 15. Rac1 e6 16. Rc2 Rac8 17. Rfc1 Rxc2 18. Qxc2 Ne8 19. e5 Bf8 20. Qc3 Qb5
21. Ng3 Bb4 22. Qc4 Qa5 23. Ne4 Ba3 24. Rf1 b6 25. Kf2 Be7 26. a4 Qd5 27. Rc1
Qxc4 28. Rxc4 Kg7 29. Nc3 f6 30. f4 Kf7 31. Nb5 Rd7 32. Rc8 a6 33. Nc3 Rc7 34.
Rxc7 Nxc7 35. Ke2 1/2-1/2

[Event "World Senior Teams +65"]
[Site "Radebeul GER"]
[Date "2016.07.01"]
[Round "6.18"]
[Board "1"]
[White "Smeets, Pierre"]
[Black "Happel, Henk"]
[Result "1/2-1/2"]
[BlackTitle "FM"]
[WhiteElo "2119"]
[BlackElo "2101"]
[WhiteTeam "Oranje 3"]
[BlackTeam "Koninklijke DD"]
[WhiteFideId "1043820"]
[BlackFideId "1001078"]
[EventDate "2016.06.26"]

1. d4 e6 2. Nf3 f5 3. g3 Nf6 4. Bg2 d5 5. c4 c6 6. Qc2 Bd6 7. O-O O-O 8. Nbd2
Ne4 9. Ne5 Nxd2 10. Bxd2 Nd7 11. Nd3 Qf6 12. cxd5 exd5 13. e3 Qe7 14. a4 a5 15.
Rac1 Nf6 16. f4 Ne4 1/2-1/2

[Event "World Senior Teams +65"]
[Site "Radebeul GER"]
[Date "2016.07.01"]
[Round "6.18"]
[Board "2"]
[White "Dickhoff, Ronald"]
[Black "Mostertman, Loek"]
[Result "1-0"]
[WhiteElo "2106"]
[BlackElo "1958"]
[WhiteTeam "Koninklijke DD"]
[BlackTeam "Oranje 3"]
[WhiteFideId "1006142"]
[BlackFideId "1010425"]
[EventDate "2016.06.26"]

1. d4 Nf6 2. c4 c5 3. d5 d6 4. Nc3 g6 5. e4 Bg7 6. Bd3 e5 7. h3 Na6 8. a3 O-O 9.
Nge2 Ne8 10. Be3 f5 11. f3 Bh6 12. Qd2 Bxe3 13. Qxe3 f4 14. Qf2 Nac7 15. b4 b6
16. Rb1 Bd7 17. Kd2 g5 18. g4 fxg3 19. Qxg3 Kh8 20. Rbg1 Rg8 21. h4 g4 22. f4
cxb4 23. axb4 exf4 24. Qxf4 Qf6 25. Qxf6+ Nxf6 26. Ng3 a5 27. b5 Nce8 28. Na4
Rb8 29. Re1 Ng7 30. e5 dxe5 31. Rxe5 Rge8 32. Rhe1 Kg8 33. Rxe8+ Ngxe8 34. Rf1
Kg7 35. Kc3 Nd6 36. Kd4 h5 37. Re1 Kf7 38. Re5 Be8 39. Nxh5 Nxh5 40. Rxh5 1-0

[Event "World Senior Teams +65"]
[Site "Radebeul GER"]
[Date "2016.07.01"]
[Round "6.18"]
[Board "3"]
[White "Mentink, Toon"]
[Black "Olof, Erik"]
[Result "0-1"]
[WhiteElo "1853"]
[BlackElo "1975"]
[WhiteTeam "Oranje 3"]
[BlackTeam "Koninklijke DD"]
[WhiteFideId "1017322"]
[BlackFideId "1035762"]
[EventDate "2016.06.26"]

1. Nf3 d5 2. c4 d4 3. d3 g6 4. g3 Bg7 5. b4 a5 6. bxa5 Rxa5 7. Nbd2 Nc6 8. Nb3
Ra7 9. Bg2 e5 10. O-O Nge7 11. Nc5 O-O 12. a4 h6 13. Nd2 f5 14. Bb2 Kh7 15. Qc2
b6 16. Ncb3 Bd7 17. c5 Rf6 18. cxb6 cxb6 19. Nc4 Be8 20. Rfb1 Bf7 21. Ba3 Nd5
22. Nc1 e4 23. f4 Nc3 24. Rb2 Bxc4 25. dxc4 Re6 26. c5 d3 27. exd3 Nd4 28. Qd2
e3 29. Qe1 Nxa4 30. cxb6 Nxb6 31. Rba2 Rxa3 32. Rxa3 Nc2 33. Qa5 Nxa1 34. Rxa1
e2 35. Nxe2 Rxe2 36. Rc1 Qd4+ 37. Kh1 Rxg2 38. Kxg2 Qb2+ 39. Kh3 Qxc1 40. Qxb6
Qf1+ 41. Kh4 Qxd3 42. Qc6 Qe4 43. Qb6 Qg2 44. h3 Qf3 45. g4 Bf6+ 0-1

[Event "World Senior Teams +65"]
[Site "Radebeul GER"]
[Date "2016.07.01"]
[Round "6.18"]
[Board "4"]
[White "Munninghoff, Alexander"]
[Black "Montsma, Foppe-Jan"]
[Result "1/2-1/2"]
[WhiteElo "1932"]
[BlackElo "1825"]
[WhiteTeam "Koninklijke DD"]
[BlackTeam "Oranje 3"]
[WhiteFideId "1012460"]
[BlackFideId "1011472"]
[EventDate "2016.06.26"]

1. c4 e5 2. g3 d6 3. Bg2 f5 4. e3 Nf6 5. Nc3 g6 6. Nge2 Bg7 7. O-O O-O 8. d3 c6
9. f4 Na6 10. Rb1 exf4 11. Nxf4 Qe8 12. h3 g5 13. Nfe2 Qh5 14. b4 Bd7 15. Nd4
Qxd1 16. Nxd1 Nh5 17. Ne2 Rab8 18. b5 cxb5 19. cxb5 Nc5 20. Nf2 Be6 21. d4 Bxa2
22. Rb4 Ne4 23. Nxe4 fxe4 24. Rxf8+ Bxf8 25. Ra4 Bb3 26. Rxa7 Bc4 27. g4 Bxe2
28. gxh5 d5 29. Bf1 Bxh5 30. Bd2 Be8 31. Be1 Bd6 32. Be2 h5 33. b6 Kg7 34. Ra5
Bf7 35. Bxh5 Bxh5 36. Rxd5 Be7 37. Rd7 Kf6 38. Bg3 Rc8 39. Rc7 Ra8 40. Rxb7 Ra1+
41. Kf2 Ra2+ 42. Kg1 1/2-1/2